000 00170 a2200097 4500
001 11770
100 _aPounds, N.
245 _a
260 _a
_b
_c
090 _c9026
_d9026
942 _aNUST-CAE
_c
_c35852
999 _c246843
_d246843